000 00757nam a2200253Ia 4500
003 OSt
005 20221006153448.0
006 a|||||r|||| 00| 0
007 ta
008 221006b |||||||| |||| 00| 0 chi d
020 _a9799570288093
024 _a32,397
037 _bGift, Republic of China
_cTextual
040 _aEASL
_cEASL
_bchi
041 _2chi
_achi
082 _aV4295.P01, (P1)
100 _aTSENG Gary T Au.
_9664084
245 0 _aBridging the New century
_b A record of peaceful transition in power
260 _aTaiwan
_bOffice of the President
_c2000
300 _a178p.
_ccm.
490 _v CEL
942 _hV4295.P01, (P1)
_cTEXL
_2CC
999 _c1100483
_d1100483